000 015050000a22003490004500
003 EG-GiCUC
005 20250223025715.0
008 081227s2008 ua d f m 000 0 eng d
040 _aEG-GiCUC
_beng
_cEG-GiCUC
041 0 _aEng
049 _aDeposite
097 _aM.Sc
099 _aCai01.11.10.M.Sc.2008.Ma.D
100 0 _aMarwa Mohammed Hanafy
245 1 0 _aDifferent modalities of scar treatment /
_cMarwa Mohammed Hanafy ; Supervised Mostafa Abouelela , Noha Abdelrahim Nagy , Marwa Mohamed Fawzy
246 1 5 _aالطرق المختلفة فى علاج الندبات
260 _aCairo :
_bMarwa Mohammed Hanafy ,
_c2008
300 _a84P. :
_bcharts ;
_c25cm
502 _aThesis(M.Sc.) - Cairo University - Faculty of Medicine - Department of Dermatology and Venerology
520 _aA scar reflects the pattern of healing in previously wounded skin partial thickness wounds which involve only epidermis& superficial dermis with preservation of skin appendages tend to heal without scarring full thickness wounds involve deep dermis& heal with scarring
530 _aIssued also as CD
653 4 _aLaser trteamnt of scars
653 4 _aRadiation therapy of scars
653 4 _aScar trteamnt
700 0 _aMarwa Mohamed Fawzy ,
_eSupervisor
700 0 _aMostafa Abouelela ,
_eSupervisor
700 0 _aNoha Abdelrahim Nagy ,
_eSupervisor
856 _uhttp://172.23.153.220/th.pdf
905 _aEnas
_eCataloger
905 _aMustafa
_eRevisor
942 _2ddc
_cTH
999 _c18878
_d18878